000 00674nam a2200145Ia 4500
008 090122s9999 xx 000 0 und d
082 _b10615
100 _aशेवडेगुरूजी
_bरा
_cवा
245 _aवि.स.खांडेकर यांच्या काही आगळ्या आठवणी
600 _aशेवडेगुरूजी
630 _aवि.स.खांडेकर यांच्या काही आगळ्या आठवणी
700 _aशेवडेगुरूजी
730 _aवि.स.खांडेकर यांच्या काही आगळ्या आठवणी
942 _cBOOK
999 _c34692
_d34692